Countries by Number of Yaks - Statistics

General Stats
  • This quiz has been taken 67 times
  • The average score is 7 of 8
Answer Stats
Yaks Country % Correct
12,900,000 China
100%
11,000 India
98%
60,000 CIS
96%
610,000 Mongolia
94%
38,000 Nepal
91%
51,000 Bhutan
85%
2,000 Pakistan
85%
2,000 Bangladesh
61%
No matching quizzes found
Score Distribution
Percent of People with Each Score
Percentile by Number Answered
Your Score History
You have not taken this quiz